| 000 | 02180nam a22003974a 4500 | ||
|---|---|---|---|
| 001 | ebr10120267 | ||
| 003 | CaPaEBR | ||
| 006 | m u | ||
| 007 | cr cn||||||||| | ||
| 008 | 050323s2005 txua sb 001 0beng | ||
| 010 | _z 2005008454 | ||
| 020 | _z1574411993 (cloth : alk. paper) | ||
| 040 |
_aCaPaEBR _cCaPaEBR |
||
| 035 | _a(OCoLC)228136522 | ||
| 043 | _an-us-tx | ||
| 050 | 1 | 4 |
_aHV9468 _b.H77 2005eb |
| 082 | 0 | 4 |
_a365/.92 _aB _222 |
| 100 | 1 | _aHorton, David M. | |
| 245 | 1 | 0 |
_aWalking George _h[electronic resource] : _bthe life of George John Beto and the rise of the modern Texas prison system / _cDavid M. Horton and George R. Nielsen. |
| 260 |
_aDenton, Texas : _bUniversity of North Texas Press, _cc2005. |
||
| 300 |
_axii, 257 p. : _bill. |
||
| 490 | 1 |
_aNorth Texas crime and criminal justice series ; _vno. 5 |
|
| 504 | _aIncludes bibliographical references (p. 239-243) and index. | ||
| 505 | 0 | _aThe early years : Hysham, Montana; New Rockford, North Dakota; and Lena, Illinois (1916-1939) -- Concordia Lutheran College, Austin, Texas (1939-1959) -- The Texas prison system : the first one hundred years (1849-1953) -- The Texas Prison Board : Beto, Coffield, and Ellis (1953-1959) -- Concordia Theological Seminary, Springfield, Illinois (1959-1962) -- The Texas Department of Corrections (1962-1972) -- Sam Houston State University, Huntsville, Texas (1972-1991). | |
| 533 |
_aElectronic reproduction. _bPalo Alto, Calif. : _cebrary, _d2013. _nAvailable via World Wide Web. _nAccess may be limited to ebrary affiliated libraries. |
||
| 600 | 1 | 0 |
_aBeto, George John, _d1916-1991. |
| 610 | 1 | 0 |
_aTexas. _bDept. of Corrections _xOfficials and employees _vBiography. |
| 650 | 0 |
_aPrisons _zTexas _xOfficials and employees _vBiography. |
|
| 650 | 0 |
_aPrison administration _zTexas _xHistory. |
|
| 650 | 0 |
_aCollege teachers _zTexas _vBiography. |
|
| 655 | 7 |
_aElectronic books. _2local |
|
| 700 | 1 | _aNielsen, George R. | |
| 710 | 2 | _aebrary, Inc. | |
| 830 | 0 |
_aNorth Texas crime and criminal justice series ; _vno. 5. |
|
| 856 | 4 | 0 |
_uhttp://site.ebrary.com/lib/rucke/Doc?id=10120267 _zAn electronic book accessible through the World Wide Web; click to view |
| 999 |
_c112028 _d112028 |
||